Expansión internacional / (Record no. 2703)

MARC details
000 -LEADER
campo de control de longitud fija 01014nas a2200289 i 4500
001 - NÚMERO DE CONTROL
campo de control 2703
003 - IDENTIFICADOR DE NÚMERO DE CONTROL
campo de control ES-MaACL
005 - FECHA Y HORA DE LA ÚLTIMA TRANSACCIÓN
campo de control 20250901225233.0
007 - CAMPO FIJO DE DESCRIPCIÓN FÍSICA--INFORMACIÓN GENERAL
campo de control de longitud fija t|
008 - DATOS DE LONGITUD FIJA--INFORMACIÓN GENERAL
campo de control de longitud fija 980223d19941997sp m| | 0 ||pa d
022 ## - NÚMERO INTERNACIONAL NORMALIZADO PARA PUBLICACIONES SERIADAS
Número Internacional Normalizado para Publicaciones Seriadas 1133-8075
080 ## - NÚMERO DE LA CLASIFICACIÓN DECIMAL UNIVERSAL
Número de la Clasificación Decimal Universal 339
245 00 - MENCIÓN DEL TÍTULO
Título Expansión internacional /
Mención de responsabilidad, etc. Instituto Español de Comercio Exterior.
260 ## - PUBLICACIÓN, DISTRIBUCIÓN, ETC.
Lugar de publicación, distribución, etc. Madrid :
Nombre del editor, distribuidor, etc. ICEX,
Fecha de publicación, distribución, etc. 1994-1997.
300 ## - DESCRIPCIÓN FÍSICA
Extensión v. ;
Dimensiones 28 cm.
310 ## - PERIODICIDAD ACTUAL
Periodicidad actual Mensual
362 0# - FECHAS DE PUBLICACIÓN Y/O DESIGNACIÓN SECUENCIAL
Fecha de publicación y/o designación secuencial Nº 111 (feb. 1994) - nº 145 (mar. 1997)
650 17 - PUNTO DE ACCESO ADICIONAL DE MATERIA--TÉRMINO DE MATERIA
Término de materia o nombre geográfico como elemento de entrada Comercio
Fuente del encabezamiento o término embne
9 (RLIN) 11157
655 #7 - TERMINO DE INDIZACIÓN--GENERO/FORMA
Fuente del término tgfbne
9 (RLIN) 226866
Datos o término principal de género/forma Revistas
710 2# - ENTRADA AGREGADA--NOMBRE DE ENTIDAD CORPORATIVA
Nombre de entidad corporativa o nombre de jurisdicción como elemento de entrada Instituto Español de Comercio Exterior
9 (RLIN) 5037
780 00 - ENLACE A UN TÍTULO/ENTRADA ANTERIOR
Encabezamiento principal Expansión comercial
Número Internacional Normalizado para Publicaciones Seriadas , ISSN 0212-7350 (continuando su numeración).
785 00 - ENTRADA/ENLACE A UN TÍTULO POSTERIOR
Encabezamiento principal El Exportador
Número Internacional Normalizado para Publicaciones Seriadas , ISSN 1137-6384.
852 ## - LOCALIZACIÓN
Ubicación ES-MaACL
Número de control de estantería HEM-H-499
itemnumber 2800
Ubicación en estantería Hemeroteca
Signatura antigua Olim: Hem-1712
Nota libre Expurgada marzo 2025: posterior 1958; sin encuadernar; muy incompleta; 23 ubicaciones en REBIUN
866 #0 - MENCIÓN TEXTUAL DE FONDOS--UNIDAD BIBLIOGRÁFICA BÁSICA
Fondos 1994-1997
942 ## - ELEMENTOS DE ENTRADA SECUNDARIOS (KOHA)
Fuente del sistema de clasificación o colocación Clasificación decimal universal
Holdings
Estatus retirado Estado de pérdida Fuente del sistema de clasificación o colocación Estado de daño No para préstamo Colección Biblioteca de origen Biblioteca actual Ubicación en estantería Fecha de adquisición Total de préstamos Signatura topográfica completa Código de barras Visto por última vez Precio de reemplazo Tipo de ítem Koha
Expurgado   Clasificación decimal universal     Periódicos y Revistas Biblioteca del Ateneo de Madrid Biblioteca del Ateneo de Madrid Hemeroteca 17/01/2008   HEM-H-499 1002754 23/02/2023 23/02/2023 Revista